| 000 | 01648nam2a2200277 4500 | ||
|---|---|---|---|
| 001 | rc\2931447 | ||
| 005 | 20260315055159.0 | ||
| 035 | _a(NLR Aleph) 007080835 | ||
| 090 |
_a13597281 _c13597281 |
||
| 100 | _a20110819d1934 u y0rusy50 ca | ||
| 101 | 0 | _arus | |
| 102 | _aRU | ||
| 105 | _aab z ||||| | ||
| 200 | 0 | _aТ. 3 | |
| 210 | _d1934 | ||
| 215 |
_a206 с., 5 л. карт. и табл. _cил., табл., диагр., карт. |
||
| 300 | _aЗагл.: Труды Аральского отделения Всесоюзного интситута морского рыбного хозяйства | ||
| 300 | _aРезюме на нем. яз. | ||
| 320 | _aБиблиогр.: "Литература" с конце | ||
| 461 | 0 |
_1001rc\2931445 _12000#$aТруды Аральской научной рыбо-хозяйственной станции$fРед. коллегия: А.Л. Бенинг, В.П. Курмаев, М.И. Маркун, С.И. Ягудина$gНар. ком. снабжения Главрыба$vТ. 3 _96475372 _aВсесоюзный научно-исследовательский институт морского рыбного хозяйства и океанографии. Аральское отделение _cАральск _d1933 _fРед. коллегия: А.Л. Бенинг, В.П. Курмаев, М.И. Маркун, С.И. Ягудина _nБ. и. _oТ. 1- _tТруды Аральской научной рыбо-хозяйственной станции _vТ. 3 |
|
| 801 | 0 |
_aRU _bNLR _gpsbo |
|
| 801 | 1 |
_aRU _bELAR _2rusmarc |
|
| 852 |
_aNLR _j33-17/468(3) |
||
| 942 | _cUNSPEC | ||
| 980 | _aNB | ||